| 000 | 01640nam a22003497i 4500 | ||
|---|---|---|---|
| 003 | Do-SdINT | ||
| 005 | 20250520122345.0 | ||
| 008 | 040225s2024 sp s |||| 0|spa d | ||
| 020 | _a978-84-10054-31-8 | ||
| 040 |
_aDO-SdINT _erda _bspa _cDO-SdINT |
||
| 072 | _aCSH | ||
| 245 | 1 | 0 |
_aInnovación y docencia : _bevidencia de buenas prácticas / _cMaría José Martínez Segura, Antonia Cascales Martínez, Francisca José Serrano Pastor (coords.) |
| 250 | _aPrimera edición. | ||
| 264 |
_aBarcelona, España : _bOctaedro, _c2024 |
||
| 300 | _a1 recurso en línea (178 páginas) | ||
| 336 |
_atexto _btxt _2rdacontent |
||
| 337 |
_acomputadora _bc _2rdamedia |
||
| 338 |
_arecurso en línea _bc _2rdacarrier |
||
| 347 |
_aarchivo de texto _bPDF _2rda |
||
| 490 | _aHorizontes Universidad ; | ||
| 505 | _aPrólogo 7 -- Formación permanente del profesorado 11 -- Innovación en educación infantil 27 -- Innovación en educación primaria 81 -- Innovación en educación superior 107 -- Innovación en educación no formal 163 | ||
| 506 | 0 | _aOpen Access | |
| 650 | 7 |
_aInnovaciones educativas _2ARMARC _934243 |
|
| 650 | 7 |
_aEducación primaria _2ARMARC _932221 |
|
| 650 | 7 |
_aEducación superior _2ARMARC _932230 |
|
| 650 | 7 |
_aEducación no formal _2ARMARC _932213 |
|
| 700 |
_aMartínez Segura, María José _4coord. _9109448 _ecoordinador |
||
| 700 |
_aCascales Martínez, Antonia _4coord. _9109449 _ecoordinador |
||
| 700 |
_aSerrano Pastor, José _4coord. _9109450 _ecoordinador |
||
| 856 |
_yAcceso a Texto Completo _uhttps://opacbiblioteca.intec.edu.do/opac-tmpl/files/recursoselectronicos/9788410054318.pdf |
||
| 942 |
_cE-BOOK _2ddc |
||
| 999 |
_c13445 _d13445 |
||